[Event "ESP-ch Rapid 2018"]
[Site "Linares"]
[Date "2018.08.19"]
[Round "7"]
[White "Sande Edreira, Jose Antonio"]
[Black "Salvador Lopez, Daniel"]
[Result "1-0"]
[WhiteElo "2230"]
[BlackElo "2162"]
[Annotator "NA"]
[PlyCount "78"]
[EventDate "2018.08.19"]
[EventType "team-tourn"]
[EventCountry "ESP"]
[SourceTitle "playchess.com"]
[Source "ChessBase"]
[SourceQuality "1"]
[TimeControl "900+5"]

1. c4 {[%emt 0:00:00]} Nf6 {[%emt 0:00:00]} 2. g3 {[%emt 0:00:00]} e6 {[%emt 0:00:07]} 3. Nf3 {[%emt 0:00:01]} d5 {[%emt 0:00:03]} 4. b3 {[%emt 0:00:01]} Be7 {[%emt 0:00:14]} 5. Bg2 {[%emt 0:00:04]} O-O {[%emt 0:00:03]} 6. O-O {[%emt 0:00:03]} a5 {[%emt 0:00:15]} 7. Nc3 {[%emt 0:00:13]} c6 {[%emt 0:01:07]} 8. e3 {[%emt 0:00:28]} Na6 {[%emt 0:00:28]} 9. Bb2 {[%emt 0:00:08]} Nc5 {[%emt 0:00:16]} 10. d4 {[%emt 0:00:12]} Nce4 {[%emt 0:00:16]} 11. Nd2 {[%emt 0:00:30]} Nxc3 {[%emt 0:00:17]} 12. Bxc3 {[%emt 0:00:01]} c5 {[%emt 0:00:49]} 13. Qc2 {[%emt 0:00:25]} b6 {[%emt 0:00:59]} 14. Rfd1 {[%emt 0:00:16]} Bb7 {[%emt 0:00:24]} 15. dxc5 {[%emt 0:00:05]} Bxc5 {[%emt 0:00:24]} 16. Qb2 {[%emt 0:00:20]} Be7 {[%emt 0:01:45]} 17. cxd5 {[%emt 0:00:14]} Bxd5 {[%emt 0:01:18]} 18. Nc4 {[%emt 0:00:03]} Qc7 {[%emt 0:00:22]} 19. Bxd5 {[%emt 0:00:44]} exd5 {[%emt 0:00:10]} 20. Nd2 {[%emt 0:00:16]} Ba3 {[%emt 0:00:55]} 21. Qxa3 {[%emt 0:00:50]} Qxc3 {[%emt 0:00:03]} 22. Rac1 {[%emt 0:00:01]} Qe5 {[%emt 0:00:17]} 23. Rc6 {[%emt 0:01:04]} b5 {[%emt 0:00:23]} 24. Qc5 {[%emt 0:00:51]} Qh5 {[%emt 0:00:31]} 25. Rc1 {[%emt 0:00:44]} Qe2 {[%emt 0:00:37]} 26. Qc2 {[%emt 0:01:34]} Rfe8 {[%emt 0:00:49]} 27. Qd1 {[%emt 0:00:30]} Qd3 {[%emt 0:00:38]} 28. Nf3 {[%emt 0:00:07]} Qe4 {[%emt 0:00:01]} 29. R1c5 {[%emt 0:00:41]} Rab8 {[%emt 0:00:50]} 30. Rc7 {[%emt 0:00:17]} h6 {[%emt 0:00:29]} 31. Nd4 {[%emt 0:00:37]} a4 {[%emt 0:00:03]} 32. b4 {[%emt 0:00:08]} Ng4 {[%emt 0:00:40]} 33. Qf3 {[%emt 0:00:09]} Qb1+ {[%emt 0:00:29]} 34. Rc1 {[%emt 0:00:06]} Qg6 {[%emt 0:00:04]} 35. Qxd5 {[%emt 0:00:28]} Ne5 {[%emt 0:00:16]} 36. Nc6 {[%emt 0:00:44]} Nd3 37. Rd1 {[%emt 0:01:15]} Nb2 {[%emt 0:00:49]} 38. Rd4 {[%emt 0:00:31]} Qb1+ {[%emt 0:00:25]} 39. Kg2 {[%emt 0:00:03]} Qg6 1-0

[Event "ESP-ch Rapid 2018"]
[Site "Linares"]
[Date "2018.08.19"]
[Round "7"]
[White "Garcia Garcia, Adrian Antonio"]
[Black "Ljubojevic, Ljubomir"]
[Result "0-1"]
[WhiteElo "2179"]
[BlackElo "2571"]
[Annotator "TA"]
[PlyCount "96"]
[EventDate "2018.08.19"]
[EventType "team-tourn"]
[EventCountry "ESP"]
[SourceTitle "playchess.com"]
[Source "ChessBase"]
[SourceQuality "1"]

{[%evp 15,96,-14,-5,-41,-46,-39,-21,-56,-55,-48,0,-25,-24,-19,-23,-79,-67,-75,-67,-156,-166,-225,-230,-227,-156,-284,-272,-281,-274,-253,-260,-360,-327,-322,-328,-338,-261,-257,-259,-231,-235,-230,-210,-241,-241,-242,-242,-329,-291,-342,-350,-342,-310,-350,-349,-353,-331,-342,-338,-491,-445,-760,-716,-735,-613,-1030,-1382,-1312,-1340,-1219,-1208,-1351,-1286,-2358,-2357,-2357,-2348,-2356,-2339,-2190,-2175,-29978,-29979]} 1. e4 c5 2. Nc3 Nc6 3. g3 g6 4. Bg2 Bg7 5. f4 d6 6. Nf3 e6 7. O-O Nge7 8. d3 Rb8 {LiveBook: 61 Partien} 9. g4 {B25: Sizilianisch (Geschlossenes System)} (9. Be3 Nd4 10. Bf2 Nec6 11. Nxd4 Nxd4 12. Qd2 O-O 13. Nd1 b6 14. c3 Nc6 15. d4 cxd4 16. cxd4 Bb7 17. Nc3 Rc8 18. Rac1 Re8 19. d5 exd5 20. Nxd5 Ne7 21. Rxc8 Bxc8 {1-0 (63) Anand,V (2759)-Vachier Lagrave,M (2789) Leuven 2018}) 9... h5 10. g5 b5 {[%cal Bb7b5,Bb5b4][%mdl 32]} 11. h4 $146 {Die Stellung ist ausgeglichen.} ({Vorgänger:} 11. Nh4 Qb6 12. f5 exf5 13. exf5 Bxc3 14. bxc3 Nxf5 15. Qe2+ Nce7 16. Nxf5 Bxf5 {½-½ (64) Meingast,M (2090)-Schugal,M (2146) Greifswald 2002}) 11... b4 12. Ne2 e5 13. fxe5 Nxe5 14. Nxe5 Bxe5 15. Nf4 (15. a3 $11) 15... Bg4 $17 16. Bf3 Qd7 $36 {[%mdl 2048] Schwarz hat Druck.} 17. Qe2 ({Besser ist} 17. a3 $15) 17... Nc6 18. Qf2 {[#]} (18. Bxg4 {war einen Versuch wert.} hxg4 19. Qf2) 18... Bd4 $1 $19 {[%cal Rd4f2]} 19. Be3 Bxb2 20. Nd5 (20. Rab1 $17 {war nötig.} Be5 21. Bg2) 20... Bxf3 21. Qxf3 Bxa1 22. Rxa1 Qg4+ 23. Kf2 {[#] Droht stark Sf6+.} Qxf3+ 24. Kxf3 Kd7 25. Rf1 a5 26. Ke2 Rhf8 27. Nf6+ Ke6 28. Nd5 a4 29. Rf6+ Kd7 30. Kd2 {Wenn Weiss jetzt Zeit für Lf4 hätte...} Nd8 31. e5 Ne6 ({Schwächer ist} 31... dxe5 32. Bxc5 Re8 33. Nb6+ Kc7 34. Bd6+ Kxb6 35. Bxb8+ Kb5 36. Bc7 $15) 32. exd6 Kxd6 33. Nf4 {beabsichtigt Sxe6.} Rbe8 34. c4 bxc3+ 35. Kxc3 Kd7 36. Nd5 Rb8 37. Kc4 (37. Bc1 $142) 37... Rb2 38. Kc3 (38. a3 $142) 38... Rxa2 {zielt auf ...Tb8 ab.} 39. Nb6+ Kc6 40. Nc4 Rb8 {[%csl Ga4][%cal Rb8b3]} 41. Na5+ Kb5 42. Nc4 Ka6 {[%csl Ga4][%cal Rb8b3]} 43. Ne5 Re2 44. Nd7 Rb3+ 45. Kc4 Rc2+ 46. Kd5 Rxd3+ 47. Kc6 Rxe3 48. Nb8+ Ka5 {Precision: Weiß = 23%, Schwarz = 84%.} 0-1

[Event "ESP-ch Rapid 2018"]
[Site "Linares"]
[Date "2018.08.19"]
[Round "7"]
[White "Perera Borrego, Maria Adela"]
[Black "Arjol Lopez, Daniel"]
[Result "0-1"]
[WhiteElo "2177"]
[BlackElo "2137"]
[Annotator "NA"]
[PlyCount "166"]
[EventDate "2018.08.19"]
[EventType "team-tourn"]
[EventCountry "ESP"]
[SourceTitle "playchess.com"]
[Source "ChessBase"]
[SourceQuality "1"]
[TimeControl "900+5"]

1. d4 {[%emt 0:00:00]} Nf6 {[%emt 0:00:00]} 2. c4 {[%emt 0:00:00]} e6 {[%emt 0:00:00]} 3. Nc3 {[%emt 0:00:03]} Bb4 {[%emt 0:00:00]} 4. e3 {[%emt 0:00:04]} O-O {[%emt 0:00:02]} 5. Bd3 {[%emt 0:00:02]} b6 {[%emt 0:00:08]} 6. Nf3 {[%emt 0:00:03]} Bb7 {[%emt 0:00:01]} 7. O-O {[%emt 0:00:04]} d6 {[%emt 0:00:02]} 8. Bd2 {[%emt 0:00:30]} Nbd7 {[%emt 0:00:02]} 9. Re1 {[%emt 0:00:04]} Rc8 {[%emt 0:00:07]} 10. e4 {[%emt 0:00:36]} e5 {[%emt 0:00:01]} 11. d5 {[%emt 0:00:38]} a5 {[%emt 0:00:10]} 12. Rc1 {[%emt 0:00:44]} Bxc3 {[%emt 0:01:37]} 13. Rxc3 {[%emt 0:00:21]} c6 {[%emt 0:00:01]} 14. Bb1 {[%emt 0:00:19]} Nc5 {[%emt 0:00:28]} 15. Bg5 {[%emt 0:00:54]} h6 {[%emt 0:00:12]} 16. Bh4 {[%emt 0:00:15]} b5 {[%emt 0:01:47]} 17. b3 {[%emt 0:01:13]} b4 {[%emt 0:00:26]} 18. Rce3 {[%emt 0:00:12]} Rc7 {[%emt 0:00:01]} 19. Nd2 {[%emt 0:01:01]} Bc8 {[%emt 0:00:18]} 20. h3 {[%emt 0:00:07]} g5 {[%emt 0:00:15]} 21. Bg3 {[%emt 0:01:04]} Ne8 {[%emt 0:02:46]} 22. dxc6 {[%emt 0:00:49]} Ng7 {[%emt 0:00:32]} 23. Nf1 {[%emt 0:00:15]} Nge6 {[%emt 0:00:42]} 24. Qh5 {[%emt 0:00:38]} Kh7 {[%emt 0:00:51]} 25. Rd1 {[%emt 0:00:01]} Ng7 {[%emt 0:00:28]} 26. Qe2 {[%emt 0:00:15]} Qe7 {[%emt 0:00:25]} 27. f4 {[%emt 0:01:51]} gxf4 {[%emt 0:00:20]} 28. Bxf4 {[%emt 0:00:01]} Rxc6 {[%emt 0:01:36]} 29. Bg3 {[%emt 0:00:28]} f5 {[%emt 0:00:58]} 30. exf5 {[%emt 0:00:50]} Bxf5 {[%emt 0:00:03]} 31. Rf3 {[%emt 0:00:27]} Bxb1 {[%emt 0:00:15]} 32. Rxb1 {[%emt 0:00:01]} Rxf3 {[%emt 0:00:10]} 33. Qxf3 {[%emt 0:00:06]} Rc8 {[%emt 0:00:01]} 34. Ne3 {[%emt 0:00:19]} Rf8 {[%emt 0:00:10]} 35. Qe2 {[%emt 0:00:38]} Qg5 {[%emt 0:00:20]} 36. Bh2 {[%emt 0:01:01]} Nge6 {[%emt 0:00:01]} 37. Nd5 {[%emt 0:00:15]} Nd4 {[%emt 0:00:08]} 38. Qg4 {[%emt 0:00:22]} Qd2 {[%emt 0:01:13]} 39. Ne7 {[%emt 0:00:40]} Qf2+ {[%emt 0:00:47]} 40. Kh1 {[%emt 0:00:04]} Qf7 {[%emt 0:00:12]} 41. Nd5 {[%emt 0:00:10]} Rg8 {[%emt 0:00:01]} 42. Qd1 {[%emt 0:00:28]} Qg6 {[%emt 0:00:19]} 43. Ne3 {[%emt 0:00:10]} Ne4 {[%emt 0:00:06]} 44. Rb2 {[%emt 0:00:11]} Qg5 {[%emt 0:00:14]} 45. Qg1 {[%emt 0:00:08]} Ng3+ {[%emt 0:00:15]} 46. Bxg3 {[%emt 0:00:02]} Qxg3 {[%emt 0:00:01]} 47. Qf2 {[%emt 0:00:08]} Rg7 {[%emt 0:00:10]} 48. Rd2 {[%emt 0:00:10]} Qxf2 {[%emt 0:00:04]} 49. Rxf2 {[%emt 0:00:00]} Rg3 {[%emt 0:00:04]} 50. Nd5 {[%emt 0:00:09]} Rd3 {[%emt 0:00:10]} 51. Rf6 {[%emt 0:00:08]} Rd1+ {[%emt 0:00:02]} 52. Kh2 {[%emt 0:00:01]} Rd2 {[%emt 0:00:00]} 53. Rxd6 {[%emt 0:00:05]} Rxa2 {[%emt 0:00:02]} 54. Nf6+ {[%emt 0:00:07]} Kg6 {[%emt 0:00:08]} 55. Ng4+ {[%emt 0:00:02]} Kf5 {[%emt 0:00:05]} 56. Nxh6+ {[%emt 0:00:10]} Kf4 {[%emt 0:00:03]} 57. Rf6+ {[%emt 0:00:00]} Ke4 {[%emt 0:00:01]} 58. Ng4 {[%emt 0:00:04]} Nxb3 {[%emt 0:00:07]} 59. Re6 {[%emt 0:00:05]} Nd2 {[%emt 0:00:03]} 60. Rxe5+ {[%emt 0:00:02]} Kd4 {[%emt 0:00:04]} 61. Kg3 {[%emt 0:00:22]} b3 {[%emt 0:00:06]} 62. Rd5+ {[%emt 0:00:05]} Kxc4 {[%emt 0:00:08]} 63. Ne3+ {[%emt 0:00:01]} Kb4 {[%emt 0:00:09]} 64. Nd1 {[%emt 0:00:06]} Nc4 {[%emt 0:00:06]} 65. Rd8 {[%emt 0:00:05]} Rd2 {[%emt 0:00:06]} 66. Rb8+ {[%emt 0:00:04]} Ka3 {[%emt 0:00:00]} 67. Nf2 {[%emt 0:00:01]} b2 {[%emt 0:00:12]} 68. h4 {[%emt 0:00:06]} Rd6 {[%emt 0:00:05]} 69. Ne4 {[%emt 0:00:08]} Rb6 {[%emt 0:00:06]} 70. Rxb6 {[%emt 0:00:03]} Nxb6 {[%emt 0:00:01]} 71. Nd2 {[%emt 0:00:01]} Ka2 {[%emt 0:00:06]} 72. h5 {[%emt 0:00:01]} Nd7 {[%emt 0:00:04]} 73. h6 {[%emt 0:00:04]} Nf8 {[%emt 0:00:04]} 74. Kf4 {[%emt 0:00:03]} b1=Q {[%emt 0:00:02]} 75. Nxb1 {[%emt 0:00:01]} Kxb1 {[%emt 0:00:01]} 76. g4 {[%emt 0:00:04]} a4 {[%emt 0:00:01]} 77. g5 {[%emt 0:00:00]} a3 {[%emt 0:00:02]} 78. h7 {[%emt 0:00:03]} Nxh7 {[%emt 0:00:12]} 79. g6 {[%emt 0:00:03]} Nf6 {[%emt 0:00:01]} 80. Kf5 {[%emt 0:00:05]} Ne8 {[%emt 0:00:01]} 81. Ke6 {[%emt 0:00:01]} a2 {[%emt 0:00:01]} 82. Kf7 {[%emt 0:00:02]} a1=Q {[%emt 0:00:03]} 83. Kxe8 {[%emt 0:00:01]} Qg7 {[%emt 0:00:02]} 0-1

[Event "ESP-ch Rapid 2018"]
[Site "Linares"]
[Date "2018.08.19"]
[Round "7"]
[White "Fernandez De Bobadilla, Gabriel"]
[Black "Perez Candelario, Manuel"]
[Result "0-1"]
[WhiteElo "2175"]
[BlackElo "2611"]
[Annotator "TA"]
[PlyCount "109"]
[EventDate "2018.08.19"]
[EventType "team-tourn"]
[EventCountry "ESP"]
[SourceTitle "playchess.com"]
[Source "ChessBase"]
[SourceQuality "1"]

{[%evp 13,109,23,13,-31,-26,-29,0,-7,0,4,0,-13,8,-5,48,0,-8,-25,2,-31,-1,-61,4,-45,-59,-56,-53,-82,-80,-193,-60,-145,0,0,2,-57,0,-64,-27,-25,-42,-33,-33,-33,-33,-35,-33,-33,-32,-88,-85,-146,-137,-137,-138,-217,-114,-127,-121,-127,-87,-91,-91,-99,-61,-127,-12,-157,-157,-158,-158,-179,-181,-181,-181,-181,-179,-172,-172,-172,-172,-958,-312,-229,-172,-172,-168,-154,-154,-153,-142,-283,-275,-531,-492,-29982,-29983,-29976]} 1. d4 d6 2. e4 g6 3. Be3 Bg7 4. c3 Nf6 5. f3 O-O 6. Bd3 {B06: Moderne Verteidigung} e5 7. Ne2 Nbd7 {LiveBook: 4 Partien} 8. Qd2 {Die Stellung ist ausgeglichen.} (8. O-O d5 9. Kh1 dxe4 10. fxe4 exd4 11. cxd4 c5 12. Nbc3 cxd4 13. Nxd4 {0-1 (28) Wegener,D (2370)-Graf,A (2585) Gera 2018}) 8... d5 9. O-O Re8 10. exd5 Nxd5 11. Bg5 Bf6 $146 ({Vorgänger:} 11... f6 12. Bh4 exd4 13. cxd4 {0-1 (59) Harkins,J-Ervin,R Las Vegas 1974}) 12. Bxf6 Qxf6 (12... N7xf6 {is more complex.} 13. Re1 a6 14. Na3 exd4 15. Nxd4 Rxe1+ 16. Rxe1 c5) 13. Be4 N7b6 (13... N5b6 $11) 14. Na3 (14. Bxd5 $14 Nxd5 15. c4) 14... exd4 $11 15. Nxd4 c6 16. Rae1 Bd7 17. Nb3 (17. Bxd5 $11 Nxd5 18. Nc4) 17... Rad8 (17... Nf4 $1 $15) 18. Qf2 (18. Bxd5 $5 Be6 19. Nc5 Rxd5 20. Qf2 $11) 18... Nf4 {...Lh3! ist eine echte Drohung.} 19. Kh1 Bc8 20. Rd1 h5 21. h4 {[#]} (21. Nc5 $17 {war nötig.}) 21... Kg7 (21... Nh3 $1 $19 {[%cal Rh3f2][%mdl 512]} 22. Qc2 (22. gxh3 $2 Rxd1 23. Rxd1 Rxe4 $19) 22... Rxd1 23. Qxd1 Qxh4) 22. g3 (22. Nc5 $15) 22... Ne6 (22... Nh3 $17 23. Qc2 g5 24. Rxd8 Rxd8 25. hxg5 Nxg5) 23. Bc2 Nc7 24. Rd4 (24. Nc5 $11) 24... Ncd5 (24... Rxd4 $15 25. Nxd4 Qe7) 25. Be4 (25. Nc5 $11) 25... Bf5 26. Re1 Bxe4 27. Rdxe4 Rxe4 28. Rxe4 Ne7 $36 {[%mdl 2048] Weiss steht unter Druck.} 29. Kg2 Nf5 30. Nc2 Nd5 31. c4 ({Günstiger ist} 31. Ncd4 $15) 31... Nb6 $17 32. Ne3 (32. c5 $142 Nd5 33. Ncd4) 32... Nxe3+ 33. Rxe3 Nxc4 34. Rc3 (34. Re2 $17 {einziger Zug.}) 34... Nb6 (34... b5 $19 35. Rc2 Re8) 35. Rc2 Re8 36. Nc5 Re7 37. Ne4 Qe5 38. Re2 Nd5 39. Nc3 (39. Qxa7 $15 b6 40. Qa3) 39... Qf6 (39... Ne3+ $17 40. Kg1 Re6) 40. Nxd5 (40. Ne4 $1 $11 {bleibt in der Remisbreite.} Qe5 41. Nc3 Ne3+ 42. Kg1) 40... Rxe2 ({Viel schwächer ist} 40... cxd5 41. Rxe7 Qxe7 42. Qxa7 $15) 41. Qxe2 cxd5 $11 {[%mdl 4096] Endspiel KD-KD} 42. b3 b6 43. Qd2 Qe5 44. Kf2 d4 45. Qd3 Kf6 46. a4 a5 47. Qc4 $2 (47. f4 Qd6 48. Ke1) 47... Qc5 $2 (47... Qe3+ 48. Kf1 Qxf3+ 49. Ke1 Qxg3+ 50. Kd1 Qg4+ 51. Kd2 Qxh4 52. Qf1+ Kg7) 48. Qd3 $19 Kg7 49. Ke2 Qd6 50. Kf2 Qd5 51. Ke2 Qd8 52. Qb5 (52. Qe4 $17) 52... Qe7+ 53. Kf1 $2 (53. Kd1 {war die einzige Verteidigung.}) 53... Qe3 54. Kg2 (54. Qg5 $19 Qxf3+ 55. Ke1) 54... d3 55. Qd7 {Precision: Weiß = 29%, Schwarz = 48%.} 0-1

[Event "ESP-ch Rapid 2018"]
[Site "Linares"]
[Date "2018.08.19"]
[Round "7"]
[White "Dominguez Alcon, Victor"]
[Black "Espinosa Aranda, Angel"]
[Result "0-1"]
[WhiteElo "2172"]
[BlackElo "2451"]
[Annotator "TA"]
[PlyCount "86"]
[EventDate "2018.08.19"]
[EventType "team-tourn"]
[EventCountry "ESP"]
[SourceTitle "playchess.com"]
[Source "ChessBase"]
[SourceQuality "1"]

{[%evp 17,86,0,14,-8,26,13,21,23,20,4,91,96,133,129,129,50,33,-44,-42,-35,28,11,178,182,160,50,56,66,51,52,52,32,155,162,149,225,310,29,29,22,31,0,0,-47,338,319,455,51,527,75,77,-175,-170,-169,-169,-268,-287,-263,-282,-279,-272,-403,-392,-437,-437,-12837,-12838,-12838,-12839,-12843,-12842]} 1. d4 Nf6 2. c4 e6 3. Nc3 Bb4 4. e3 O-O 5. Bd3 d5 6. Nf3 b6 7. cxd5 exd5 8. Qc2 Bb7 9. O-O a6 {LiveBook: 12 Games. E52: Nimzo-Indian: Rubinstein: 4...0-0 5 Nf3 d5 6 Bd3 b6} 10. Ne5 (10. a3 Bd6 11. e4 dxe4 12. Nxe4 Nxe4 13. Bxe4 Bxe4 14. Qxe4 Nd7 15. Bg5 Qe8 16. Qf5 Qe6 17. Qxe6 fxe6 {½-½ (53) Kovalenko,I (2636)-Neiksans,A (2586) Riga 2017}) 10... Nbd7 11. f4 c5 {The position is equal.} 12. a3 cxd4 13. exd4 Be7 $146 (13... Bxc3 $11 {remains equal.} 14. Qxc3 Ne4) ({Predecessor:} 13... Bxc3 14. Qxc3 Ne4 15. Qb3 Ndf6 16. f5 b5 17. a4 {½-½ (33) Wallis,C (2348)-Ly,M (2460) Sydney 2015}) 14. Bf5 $1 $16 Nxe5 15. fxe5 (15. dxe5 $6 Bc5+ 16. Kh1 g6 $11) 15... Ne4 16. Bxe4 (16. Be3 $16) 16... dxe4 $14 17. d5 (17. Be3 $14) 17... Bc5+ $1 $15 18. Kh1 e3 (18... Bxd5 $2 19. Rd1 $18) (18... Bd4 $1 $15) 19. Qe4 $36 {[%mdl 2048] Black is under pressure.} Qg5 $2 {[#]} (19... f5 $1 $11 20. exf6 (20. Rxf5 Rxf5 21. Qxf5 Qf8 $17) 20... Qe8) 20. b4 $1 $18 {[%cal Rb4c5]} f5 21. Qf4 (21. Qd3 $16 Be7 22. Bxe3) 21... Qxf4 $14 22. Rxf4 Be7 $1 23. Bxe3 Rac8 24. Na4 {Threatens to win with d6.} b5 (24... Bxd5 $14 25. Nxb6 Rcd8) 25. Nb6 $16 Rc3 26. Bc5 (26. Bg1 $16) 26... Bg5 27. Rf3 $2 (27. Rff1 $18 g6 28. Bxf8 Kxf8 29. Rad1) 27... Rxf3 $11 28. gxf3 Re8 29. e6 {Black must now prevent Re1.} Bd8 $1 30. Rd1 g5 $2 {[%mdl 8192]} (30... Bxb6 $1 $15 {stays ahead.} 31. Bxb6 Rxe6) 31. Kg2 $18 g4 (31... Bxb6 $142 32. Bxb6 Bc8) 32. fxg4 $2 ({White should play} 32. Kg3 $18) 32... Bxb6 $2 {[%mdl 8192]} ({Black should try} 32... Rxe6 $1 $14 33. Kg3 (33. gxf5 Rf6 $11) 33... Rg6) 33. Bxb6 $2 (33. gxf5 $18 Bxc5 34. bxc5) 33... Rxe6 $16 34. gxf5 $2 {[%mdl 8192]} (34. Bc5 $16 Re5 35. Kg3 Rxd5 36. Rxd5 f4+ 37. Kxf4 Bxd5 38. Ke5) 34... Rxb6 $18 {[%mdl 4096] Endgame KRB-KR} 35. Kf3 Kf7 36. Ke4 {[#]} (36. Kf4 $142 Rd6 37. Ke5) 36... Kf6 $1 $19 37. Kd4 {aiming for Kc5.} Rd6 ({Not} 37... Kxf5 38. Rf1+ Kg6 39. Ke5 $17) 38. Kc5 Rd7 39. Re1 (39. Rd3 $142) 39... Bxd5 40. Rd1 Be6 {Black is clearly winning.} 41. Rxd7 (41. Ra1 $142 Bxf5 42. h4) 41... Bxd7 42. Kb6 Bxf5 43. Kxa6 Bd7 {Precision: White = 25%, Black = 35%.} 0-1

[Event "ESP-ch Rapid 2018"]
[Site "Linares"]
[Date "2018.08.19"]
[Round "7"]
[White "Roldan Marques, Daniel"]
[Black "Garcia Cuenca, Victor"]
[Result "0-1"]
[WhiteElo "2161"]
[BlackElo "2351"]
[Annotator "NA"]
[PlyCount "108"]
[EventDate "2018.08.19"]
[EventType "team-tourn"]
[EventCountry "ESP"]
[SourceTitle "playchess.com"]
[Source "ChessBase"]
[SourceQuality "1"]
[TimeControl "900+5"]

1. d4 {[%emt 0:00:00]} Nf6 {[%emt 0:00:00]} 2. c4 {[%emt 0:00:00]} c5 {[%emt 0:00:00]} 3. d5 {[%emt 0:00:00]} b5 {[%emt 0:00:00]} 4. cxb5 {[%emt 0:00:02]} a6 {[%emt 0:00:00]} 5. f3 {[%emt 0:00:01]} axb5 {[%emt 0:01:17]} 6. e4 {[%emt 0:00:02]} d6 {[%emt 0:00:03]} 7. Bxb5+ {[%emt 0:00:16]} Nfd7 {[%emt 0:00:04]} 8. Nc3 {[%emt 0:00:34]} g6 {[%emt 0:00:02]} 9. Nge2 {[%emt 0:00:07]} Bg7 {[%emt 0:00:02]} 10. O-O {[%emt 0:00:05]} O-O {[%emt 0:00:03]} 11. b3 {[%emt 0:01:05]} Na6 {[%emt 0:00:07]} 12. Bb2 {[%emt 0:00:06]} Qb6 {[%emt 0:01:05]} 13. Bc4 {[%emt 0:01:14]} Ne5 {[%emt 0:00:07]} 14. Na4 {[%emt 0:01:22]} Qb7 {[%emt 0:01:40]} 15. Bxa6 {[%emt 0:03:14]} Qxa6 {[%emt 0:00:07]} 16. f4 {[%emt 0:00:13]} Ng4 {[%emt 0:00:54]} 17. Bxg7 {[%emt 0:00:35]} Kxg7 {[%emt 0:00:03]} 18. Qd2 {[%emt 0:00:28]} Qa5 {[%emt 0:00:28]} 19. Qb2+ {[%emt 0:01:34]} Kg8 {[%emt 0:00:02]} 20. h3 {[%emt 0:00:13]} Nf6 {[%emt 0:00:01]} 21. Nac3 {[%emt 0:00:05]} Ba6 {[%emt 0:00:16]} 22. Rf2 {[%emt 0:00:55]} Qb4 {[%emt 0:00:23]} 23. e5 {[%emt 0:01:10]} Nd7 {[%emt 0:00:17]} 24. exd6 {[%emt 0:00:17]} exd6 {[%emt 0:00:03]} 25. f5 {[%emt 0:01:00]} Ne5 {[%emt 0:00:36]} 26. Rf4 {[%emt 0:01:00]} Nd3 {[%emt 0:00:35]} 27. Rxb4 {[%emt 0:00:17]} Nxb2 {[%emt 0:00:02]} 28. Rb6 {[%emt 0:00:05]} Rfd8 {[%emt 0:00:05]} 29. Ng3 {[%emt 0:00:07]} Bc8 {[%emt 0:01:07]} 30. f6 {[%emt 0:00:47]} Nd3 {[%emt 0:00:36]} 31. Nge4 {[%emt 0:00:06]} Ra6 {[%emt 0:02:25]} 32. Rb8 {[%emt 0:00:02]} Ne5 {[%emt 0:00:02]} 33. Re1 {[%emt 0:00:24]} Nd7 {[%emt 0:00:02]} 34. Rb5 {[%emt 0:00:01]} Kf8 {[%emt 0:00:56]} 35. a4 {[%emt 0:00:01]} Re8 {[%emt 0:00:40]} 36. Kf1 {[%emt 0:00:07]} Re5 {[%emt 0:00:03]} 37. g4 {[%emt 0:00:10]} h6 {[%emt 0:00:06]} 38. Nd2 {[%emt 0:00:06]} Rxe1+ {[%emt 0:01:10]} 39. Kxe1 {[%emt 0:00:01]} Ke8 {[%emt 0:00:15]} 40. Nce4 {[%emt 0:00:01]} Ne5 {[%emt 0:00:15]} 41. Nc4 {[%emt 0:00:08]} Nxc4 {[%emt 0:00:19]} 42. bxc4 {[%emt 0:00:00]} Kd7 {[%emt 0:00:12]} 43. a5 {[%emt 0:00:01]} Kc7 {[%emt 0:00:40]} 44. Rb6 {[%emt 0:00:06]} Bb7 {[%emt 0:00:31]} 45. Ke2 {[%emt 0:00:26]} Rxa5 {[%emt 0:00:05]} 46. Rxd6 {[%emt 0:00:03]} Ra2+ {[%emt 0:00:12]} 47. Kf3 {[%emt 0:00:07]} Ra3+ {[%emt 0:00:13]} 48. Kf2 {[%emt 0:00:09]} Rxh3 {[%emt 0:00:14]} 49. Nxc5 {[%emt 0:00:04]} Kxd6 {[%emt 0:00:04]} 50. Nxb7+ {[%emt 0:00:02]} Kc7 {[%emt 0:00:03]} 51. Nc5 {[%emt 0:00:02]} Rc3 {[%emt 0:00:03]} 52. d6+ {[%emt 0:00:04]} Kc6 {[%emt 0:00:16]} 53. d7 {[%emt 0:00:12]} Kc7 {[%emt 0:00:00]} 54. Ne6+ {[%emt 0:00:05]} Kxd7 {[%emt 0:00:05]} 0-1